000 00446pab a2200169 454500
008 180718b1996 xxu||||| |||| 00| 0 eng d
100 _aBisht, R.S.
245 _aNon-alligned India in evolving global order
_bnew challenges.
260 _c1996
300 _ap.17-21
362 _aAug
650 _aIndia - Foreign relations
650 _aInternational relations
700 _aNautiyal, Annpurna
773 _aThird Concept
909 _a31830
999 _c31830
_d31830